000 00792nam a2200217Ia 4500
005 20241129105933.0
008 241129s9999||||xx |||||||||||||| ||und||
020 _a978-81-8031-266-3
037 _aTB
040 _aARTS
_bhin
_cARTS
041 _ahin
_2hin
084 _aSigma:f 152R2
_qARTS
100 _aगणेशन, एस. एन., ले.
245 0 _aअनुसंधान - प्रविधि: सिद्धान्त और प्रक्रिया
_cगणेशन, एस. एन., ले.
260 _aइलाहाबाद, भारत
_bलोकी प्रकाशन
_c2022
300 _a986पृ0
365 _aINR
_b400
650 _aSocial ScienceResearch
_9726222
942 _cTB
_hSigma:f 152R2
999 _c1226667
_d1226667